Statistics for favorite (english) - Isabel LaRosa - All Lyrics

Click here to take the quiz!

General Stats

  • This quiz has been taken 4 times
  • The average score is 122 of 295

Answer Stats

Answer% Correct
a
67%
be
67%
can
67%
Darlin',
67%
favorite?
67%
girl,
67%
I
67%
I’ll
67%
it)
67%
it?)
67%
it?
67%
it
67%
let
67%
me,
67%
me
67%
taste
67%
you
67%
You
67%
your
67%
and
33%
body
33%
Boy,
33%
boy,
33%
crave
33%
dear,
33%
feel
33%
friends,
33%
hear
33%
heaven,
33%
I'm
33%
(I'm
33%
it’s
33%
it's
33%
just
33%
know
33%
(Make
33%
make
33%
My
33%
my
33%
name,
33%
name's
33%
near
33%
neighbors
33%
one,
33%
only
33%
promise,
33%
say
33%
Say
33%
So,
33%
so
33%
take
33%
(Take
33%
tell
33%
the
33%
to
33%
want,
33%
want
33%
Want
33%
what
33%
whatever
33%
when
33%
who
33%
yeah,
33%
Yeah,
33%
all
0%
alone
0%
angel
0%
around
0%
baby,
0%
but
0%
closed
0%
cold
0%
control)
0%
control
0%
don't
0%
ever
0%
eyes
0%
faithful
0%
get
0%
give
0%
go
0%
God,
0%
goes
0%
hands
0%
has
0%
heals
0%
(If
0%
if
0%
If
0%
in
0%
love
0%
mind
0%
neck,
0%
no
0%
of
0%
painful
0%
pieces
0%
places
0%
please
0%
pretty,
0%
pull
0%
Put
0%
see
0%
soul
0%
swear
0%
that
0%
there's
0%
things
0%
We
0%
we
0%
we're
0%
where
0%
whisper
0%
with
0%
You’re
0%
you're
0%
You're
0%

Score Distribution

Percentile by Number Answered

Percent of People with Each Score

Your Score History

You have not taken this quiz